[Event "Bad Wörishofen op 2012 28th"]
[Site "Bad Wörishofen (2.3.-10.3)"]
[Date "2012.03.05"]
[Round "4.31"]
[White "Keller, Manfred(45)"]
[Black "Urban, Rudolf"]
[Result "1/2-1/2"]
[WhiteElo "2127"]
[BlackElo "1836"]
[PlyCount "102"]
[EventDate "2012.03.??"]
[EventType "swiss"]
[EventRounds "9"]
[EventCountry "GER"]
[SourceDate "2013.02.18"]
[WhiteTeam "Pang/Rosenheim SG"]
[BlackTeam "München RTA"]

1. d4 d5 2. Nc3 Nf6 3. Bg5 Bf5 4. f3 h6 5. Bxf6 exf6 6. e4 Be6 7. Bd3 Bb4 8.
Nge2 Nd7 9. Nf4 Nb6 10. Qe2 Qe7 11. O-O dxe4 12. Nxe4 O-O-O 13. c3 Bd6 14. Nxe6
Qxe6 15. Rfe1 Nd5 16. Bc4 c6 17. Qf2 Bc7 18. Nc5 Qd6 19. g3 Rhe8 20. Rxe8 Rxe8
21. Re1 Re7 22. Re4 f5 23. Rxe7 Qxe7 24. Bxd5 cxd5 25. Nd3 g5 26. Qe1 Qxe1+ 27.
Nxe1 Kd7 28. Nd3 b5 29. Kf2 h5 30. Ke3 f6 31. b3 Bd6 32. Nc5+ Ke7 33. Nd3 Ke6
34. a4 a6 35. Nc5+ Ke7 36. Nxa6 bxa4 37. bxa4 f4+ 38. Kf2 fxg3+ 39. hxg3 Kd7
40. Kg2 Kc6 41. Kh3 Kb6 42. Nb4 Bxb4 43. cxb4 Ka6 44. Kg2 Kb6 45. f4 Ka6 46.
b5+ Ka5 47. f5 Kb6 48. Kf3 Ka5 49. Ke3 Kb6 50. Kd2 Ka5 51. g4 h4 1/2-1/2

[Event "Bad Wörishofen op 2012 28th"]
[Site "Bad Wörishofen (2.3.-10.3)"]
[Date "2012.03.05"]
[Round "4.32"]
[White "Santl, Anton"]
[Black "Grawe, Christian(65)"]
[Result "0-1"]
[WhiteElo "2002"]
[BlackElo "2179"]
[PlyCount "60"]
[EventDate "2012.03.??"]
[EventType "swiss"]
[EventRounds "9"]
[EventCountry "GER"]
[SourceDate "2013.02.18"]
[WhiteTeam "München SU"]
[BlackTeam "Germering SK"]

1. Nf3 d5 2. c4 d4 3. g3 Nc6 4. Bg2 e5 5. d3 Nf6 6. O-O Be7 7. b4 Nxb4 8. Nxe5
O-O 9. a3 Na6 10. Nd2 Re8 11. Nb3 Bd6 12. Nf3 c5 13. Ng5 Bg4 14. Re1 Rb8 15. h3
Bd7 16. Nd2 Bc7 17. Rb1 h6 18. Nge4 Nxe4 19. Nxe4 Bc6 20. Nd2 Bxg2 21. Kxg2 Ba5
22. Rh1 Qd7 23. Nf3 Rbd8 24. Rb5 b6 25. Bd2 Bxd2 26. Qxd2 Qc6 27. Rb2 Re6 28.
Qd1 Rde8 29. Re1 Nb8 30. Kg1 Qxf3 0-1

[Event "Bad Wörishofen op 2012 28th"]
[Site "Bad Wörishofen (2.3.-10.3)"]
[Date "2012.03.05"]
[Round "4.33"]
[White "Kugelmann, Werner"]
[Black "Sonnhalter, Stella"]
[Result "1-0"]
[WhiteElo "2091"]
[BlackElo "1889"]
[PlyCount "65"]
[EventDate "2012.03.??"]
[EventType "swiss"]
[EventRounds "9"]
[EventCountry "GER"]
[SourceDate "2013.02.18"]
[WhiteTeam "Wertingen TSV"]
[BlackTeam "Heusweiler Reti SC"]

1. e4 c5 2. Nf3 Nc6 3. c4 g6 4. d4 cxd4 5. Nxd4 Bg7 6. Be3 Nf6 7. Nc3 O-O 8.
Be2 d6 9. O-O Nd7 10. Qd2 Nc5 11. Rad1 Bd7 12. f3 a5 13. Ndb5 Be6 14. Bh6 Bxh6
15. Qxh6 f5 16. Qd2 Ne5 17. b3 f4 18. Nd5 Bxd5 19. exd5 Qd7 20. Rfe1 Qf5 21.
Nd4 Qd7 22. a3 Rf6 23. b4 axb4 24. axb4 Na6 25. Ne6 Rxe6 26. dxe6 Qxe6 27. Bf1
Qf7 28. Re4 g5 29. c5 Qf5 30. cxd6 exd6 31. Qxd6 Ng4 32. Bc4+ Kh8 33. fxg4 1-0

[Event "Bad Wörishofen op 2012 28th"]
[Site "Bad Wörishofen (2.3.-10.3)"]
[Date "2012.03.05"]
[Round "4.34"]
[White "Kuempers, Ulrich"]
[Black "Kozlov, Alexander"]
[Result "0-1"]
[WhiteElo "1946"]
[BlackElo "2128"]
[PlyCount "78"]
[EventDate "2012.03.??"]
[EventType "swiss"]
[EventRounds "9"]
[EventCountry "GER"]
[SourceDate "2013.02.18"]
[WhiteTeam "München Tarrasch SC"]
[BlackTeam "Schwegenheim SC"]

1. d4 g6 2. c4 Bg7 3. e4 c5 4. d5 d6 5. Be2 Nf6 6. Nc3 O-O 7. f4 e6 8. Nf3 exd5
9. cxd5 a6 10. a4 Bg4 11. O-O Nbd7 12. Re1 Re8 13. h3 Bxf3 14. Bxf3 b6 15. Be3
Rb8 16. g4 h6 17. h4 Nh7 18. g5 hxg5 19. hxg5 b5 20. axb5 axb5 21. Qc2 b4 22.
Ne2 Ra8 23. Rad1 Ra2 24. Bc1 Qb6 25. Kg2 Qb5 26. Kg3 Nb6 27. e5 dxe5 28. f5
gxf5 29. Qxf5 Qd7 30. Qb1 Ra5 31. Rh1 f5 32. gxf6 Nxf6 33. Bg5 e4 34. Bxf6 Qd6+
35. Nf4 Qxf6 36. Bxe4 Qg5+ 37. Kf3 Nd7 38. Bh7+ Kf7 39. Rhf1 Ne5+ 0-1

[Event "Bad Wörishofen op 2012 28th"]
[Site "Bad Wörishofen (2.3.-10.3)"]
[Date "2012.03.05"]
[Round "4.35"]
[White "Hoeller, Armin"]
[Black "Stiller, Patrick Dr"]
[Result "1/2-1/2"]
[WhiteElo "2033"]
[BlackElo "2146"]
[PlyCount "34"]
[EventDate "2012.03.??"]
[EventType "swiss"]
[EventRounds "9"]
[EventCountry "GER"]
[SourceDate "2013.02.18"]
[WhiteTeam "Bad Aibling SK"]
[BlackTeam "Ulm Post SV"]

1. e4 c6 2. d4 d5 3. Nc3 dxe4 4. Nxe4 Nd7 5. Bc4 Ngf6 6. Ng3 e6 7. Nf3 Bd6 8.
O-O O-O 9. Qe2 Qc7 10. Re1 c5 11. c3 a6 12. Ng5 Nb6 13. Bb3 Nbd5 14. Nh5 g6 15.
Nxf6+ Nxf6 16. dxc5 Bxc5 17. Qf3 Kg7 1/2-1/2

[Event "Bad Wörishofen op 2012 28th"]
[Site "Bad Wörishofen (2.3.-10.3)"]
[Date "2012.03.05"]
[Round "4.36"]
[White "Mattes, Heinz Dr"]
[Black "Daeubler, Heinrich"]
[Result "1-0"]
[WhiteElo "1948"]
[BlackElo "2049"]
[PlyCount "81"]
[EventDate "2012.03.??"]
[EventType "swiss"]
[EventRounds "9"]
[EventCountry "GER"]
[SourceDate "2013.02.18"]
[WhiteTeam "München Siemens SK"]
[BlackTeam "Amberg Siemens SG"]

1. d4 d5 2. Nf3 c6 3. e3 Bg4 4. Nbd2 e6 5. b3 Nd7 6. Bb2 f5 7. Be2 Bd6 8. Ne5
Bxe2 9. Qxe2 Ngf6 10. O-O O-O 11. c4 Qe7 12. Rad1 a5 13. f3 Ba3 14. Bxa3 Qxa3
15. Nb1 Qe7 16. Nxd7 Qxd7 17. Nc3 Rae8 18. Rfe1 Qf7 19. Qd3 Qh5 20. Rd2 Kh8 21.
e4 dxe4 22. fxe4 f4 23. Qf3 Ng4 24. h3 Qh4 25. Ree2 h5 26. e5 Ne3 27. Ne4 Rd8
28. Qf2 Nxg2 29. Rd3 Qxf2+ 30. Rxf2 Nh4 31. Nc5 Rde8 32. Nxb7 Re7 33. Nxa5 g5
34. Nxc6 Rh7 35. d5 g4 36. dxe6 f3 37. e7 Re8 38. hxg4 hxg4 39. Rd8 Rhxe7 40.
Rxe8+ Rxe8 41. Rh2 1-0

[Event "Bad Wörishofen op 2012 28th"]
[Site "Bad Wörishofen (2.3.-10.3)"]
[Date "2012.03.05"]
[Round "4.37"]
[White "Tennstedt, Andreas Dr"]
[Black "Hipp, Hermann"]
[Result "1/2-1/2"]
[WhiteElo "2106"]
[BlackElo "1843"]
[PlyCount "51"]
[EventDate "2012.03.??"]
[EventType "swiss"]
[EventRounds "9"]
[EventCountry "GER"]
[SourceDate "2013.02.18"]
[WhiteTeam "Griesheim(DA) SV"]
[BlackTeam "Marktoberdorf SK"]

1. e4 c6 2. Nc3 d5 3. Qe2 e6 4. g3 Nf6 5. Bg2 d4 6. Nd1 c5 7. d3 h6 8. f4 Be7
9. Nf3 Nc6 10. O-O O-O 11. Nf2 b6 12. g4 Nh7 13. Kh1 Bb7 14. Bd2 a5 15. a3 b5
16. e5 Rc8 17. Ne4 a4 18. f5 exf5 19. gxf5 Re8 20. Qf2 Bf8 21. Qg3 Kh8 22. Bf4
Ne7 23. Bh3 Bxe4 24. dxe4 f6 25. Rg1 Nc6 26. e6 1/2-1/2

[Event "Bad Wörishofen op 2012 28th"]
[Site "Bad Wörishofen (2.3.-10.3)"]
[Date "2012.03.05"]
[Round "4.38"]
[White "Remensberger, Hansuli"]
[Black "Neumann, Joachim(43)"]
[Result "1/2-1/2"]
[WhiteElo "2018"]
[BlackElo "2015"]
[PlyCount "32"]
[EventDate "2012.03.??"]
[EventType "swiss"]
[EventRounds "9"]
[EventCountry "GER"]
[SourceDate "2013.02.18"]
[WhiteTeam "SUI/Schweiz"]
[BlackTeam "Neumünster Agon SC"]
[WhiteTeamCountry "SUI"]

1. d4 Nf6 2. Bg5 d5 3. Bxf6 exf6 4. e3 c6 5. g3 Bd6 6. Bg2 f5 7. Ne2 Nd7 8. O-O
Nf6 9. b3 Be6 10. Qd3 b5 11. Nd2 Ne4 12. c4 bxc4 13. bxc4 Nxd2 14. Qxd2 O-O 15.
c5 Bc7 16. Rfb1 Rb8 1/2-1/2

[Event "Bad Wörishofen op 2012 28th"]
[Site "Bad Wörishofen (2.3.-10.3)"]
[Date "2012.03.05"]
[Round "4.39"]
[White "Gulde, Josef"]
[Black "Muehlbach, Peter"]
[Result "1-0"]
[WhiteElo "1905"]
[BlackElo "1995"]
[PlyCount "111"]
[EventDate "2012.03.??"]
[EventType "swiss"]
[EventRounds "9"]
[EventCountry "GER"]
[SourceDate "2013.02.18"]
[WhiteTeam "Krumbach SK"]
[BlackTeam "Heidelberg-Kirchheim SG"]

1. d4 d5 2. Nf3 Nf6 3. Bf4 e6 4. e3 c5 5. c3 Nc6 6. Nbd2 Be7 7. Rc1 O-O 8. Bd3
b6 9. h3 Bb7 10. O-O a6 11. Bb1 Rc8 12. Ne5 Nxe5 13. dxe5 Nd7 14. Qg4 f5 15.
exf6 Rxf6 16. Nf3 Nf8 17. Rcd1 Ng6 18. Bg5 Rf7 19. Bxe7 Qxe7 20. Bxg6 hxg6 21.
Ne5 Rf5 22. Nxg6 Qf6 23. f4 Qf7 24. Ne5 Qe7 25. e4 Rf6 26. exd5 exd5 27. Rxd5
Bxd5 28. Qxc8+ Kh7 29. Qxa6 Qe6 30. Qd3+ Kg8 31. c4 Bb7 32. b3 Qe8 33. g3 Qh5
34. Kh2 Rd6 35. Qe3 Rd4 36. g4 Qe8 37. Qf2 Qd8 38. Re1 Rd2 39. Re2 Rd1 40. Nf3
Qd6 41. Qe3 Bxf3 42. Qxf3 Rd4 43. Qe3 Rxf4 44. Qe6+ Qxe6 45. Rxe6 Rf2+ 46. Kg3
Rxa2 47. Rxb6 Rb2 48. g5 Kf7 49. g6+ Ke7 50. h4 Rb1 51. Kf4 Rh1 52. Ke5 Rxh4
53. Rb7+ Kf8 54. Kd6 Rd4+ 55. Kxc5 Rg4 56. Rb6 1-0

[Event "Bad Wörishofen op 2012 28th"]
[Site "Bad Wörishofen (2.3.-10.3)"]
[Date "2012.03.05"]
[Round "4.40"]
[White "Reitz, Rolf"]
[Black "Jakob, Matthias(82)"]
[Result "1/2-1/2"]
[WhiteElo "1957"]
[BlackElo "1945"]
[PlyCount "45"]
[EventDate "2012.03.??"]
[EventType "swiss"]
[EventRounds "9"]
[EventCountry "GER"]
[SourceDate "2013.02.18"]
[WhiteTeam "Sülz-Klettenberg SK"]
[BlackTeam "Kaarst SG"]

1. d4 e6 2. Nf3 Nf6 3. c4 b6 4. g3 Ba6 5. Qc2 c5 6. b3 cxd4 7. Nxd4 Bb7 8. Nf3
Nc6 9. Bb2 Bb4+ 10. Nbd2 O-O 11. Bg2 Rc8 12. O-O d5 13. Rfd1 Qe7 14. Ng5 Rfd8
15. Bxf6 Qxf6 16. Qxh7+ Kf8 17. Qh4 Ke7 18. Ngf3 Qxh4 19. Nxh4 Bxd2 20. Rxd2
dxc4 21. Rxd8 Rxd8 22. bxc4 Rd2 23. Kf1 1/2-1/2

[Event "Bad Wörishofen op 2012 28th"]
[Site "Bad Wörishofen (2.3.-10.3)"]
[Date "2012.03.05"]
[Round "4.41"]
[White "Heinich, Manfred"]
[Black "Margraf, Christoph"]
[Result "1-0"]
[WhiteElo "1939"]
[BlackElo "1808"]
[PlyCount "67"]
[EventDate "2012.03.??"]
[EventType "swiss"]
[EventRounds "9"]
[EventCountry "GER"]
[SourceDate "2013.02.18"]
[WhiteTeam "München Blinden SC (DBSB)"]
[BlackTeam "Ansbach SC"]

1. d4 d5 2. c4 e6 3. Nf3 Nf6 4. Nc3 Be7 5. Bg5 h6 6. Bh4 O-O 7. e3 Ne4 8. Bxe7
Qxe7 9. Rc1 c6 10. Bd3 Nxc3 11. Rxc3 Nd7 12. O-O dxc4 13. Bxc4 e5 14. dxe5 Nxe5
15. Nxe5 Qxe5 16. f4 Qe4 17. Qe2 Kh8 18. Bd3 Qe7 19. e4 f5 20. e5 Be6 21. Bb1
Rad8 22. g4 Qh4 23. Rg3 Rd4 24. gxf5 Bxf5 25. Qe3 Qd8 26. e6 Bxe6 27. Qxe6
Rdxf4 28. Rxf4 Rxf4 29. Qe2 Qd7 30. Kh1 Qd5+ 31. Rg2 Rf8 32. Qd3 Qxd3 33. Bxd3
Rf3 34. Rg3 1-0

[Event "Bad Wörishofen op 2012 28th"]
[Site "Bad Wörishofen (2.3.-10.3)"]
[Date "2012.03.05"]
[Round "4.42"]
[White "Mircoli, Filippo"]
[Black "Di Cicco, Daniela"]
[Result "1-0"]
[WhiteElo "1491"]
[BlackElo "1071"]
[PlyCount "51"]
[EventDate "2012.03.??"]
[EventType "swiss"]
[EventRounds "9"]
[EventCountry "GER"]
[SourceDate "2013.02.18"]
[WhiteTeam "ITA/Italien"]
[BlackTeam "ITA/Italien"]
[WhiteTeamCountry "ITA"]
[BlackTeamCountry "ITA"]

1. e4 e6 2. d4 d5 3. Nc3 dxe4 4. Nxe4 Nd7 5. Nf3 h6 6. Bd3 a6 7. O-O Ngf6 8. h3
Nxe4 9. Bxe4 Nf6 10. Bd3 Be7 11. c4 O-O 12. Be3 Rb8 13. a4 b6 14. Qc2 Bb7 15.
Ne5 c5 16. Rad1 cxd4 17. Bxd4 Qc7 18. Qe2 Rfd8 19. Bc3 a5 20. Ng4 Nh5 21. Nxh6+
Kf8 22. Qxh5 Qf4 23. Ng4 Bd6 24. Be5 Bxe5 25. Qxe5 Qxe5 26. Nxe5 1-0

[Event "Bad Wörishofen op 2012 28th"]
[Site "Bad Wörishofen (2.3.-10.3)"]
[Date "2012.03.05"]
[Round "4.43"]
[White "Schmitzer, Peter"]
[Black "Klein, Gereon"]
[Result "1/2-1/2"]
[WhiteElo "1992"]
[BlackElo "1836"]
[PlyCount "60"]
[EventDate "2012.03.??"]
[EventType "swiss"]
[EventRounds "9"]
[EventCountry "GER"]
[SourceDate "2013.02.18"]
[WhiteTeam "München RTA"]
[BlackTeam "Kerpen 64 SK"]

1. d4 Nf6 2. Nf3 c5 3. d5 e6 4. c4 exd5 5. cxd5 d6 6. Nc3 g6 7. e4 Bg7 8. Be2
O-O 9. O-O Re8 10. Qc2 Na6 11. a3 Nc7 12. h3 Rb8 13. Bg5 h6 14. Be3 b5 15. b4
Nxe4 16. Nxe4 Bf5 17. Nfd2 Qe7 18. f3 Nxd5 19. Bf2 Nf4 20. Rae1 Nxe2+ 21. Rxe2
cxb4 22. axb4 d5 23. g4 dxe4 24. Bc5 exf3 25. Rxe7 Bxc2 26. Rxa7 Ra8 27. Rxa8
Rxa8 28. Rxf3 Rd8 29. Nf1 Bd4+ 30. Ne3 Bxe3+ 1/2-1/2

[Event "Bad Wörishofen op 2012 28th"]
[Site "Bad Wörishofen (2.3.-10.3)"]
[Date "2012.03.05"]
[Round "4.44"]
[White "Guenther, Thomas(63)"]
[Black "Strasser, Josef"]
[Result "1-0"]
[WhiteElo "1977"]
[BlackElo "1813"]
[PlyCount "105"]
[EventDate "2012.03.??"]
[EventType "swiss"]
[EventRounds "9"]
[EventCountry "GER"]
[SourceDate "2013.02.18"]
[WhiteTeam "Berlin Lichtenrade SC"]
[BlackTeam "München SU"]

1. d4 Nf6 2. Nf3 d5 3. c4 c6 4. e3 Bg4 5. Qb3 Qb6 6. Nbd2 Qxb3 7. axb3 e6 8.
Ne5 Bf5 9. c5 Nbd7 10. Nxd7 Nxd7 11. b4 a6 12. b5 cxb5 13. Bxb5 Rc8 14. Be2 Nb8
15. b4 Kd8 16. O-O Nc6 17. Ba3 Be7 18. f4 h5 19. Nb3 g5 20. Na5 Nxa5 21. bxa5
gxf4 22. exf4 Bf6 23. Bb2 Be4 24. Ra3 h4 25. Bd3 Bxd3 26. Rxd3 Rc7 27. Rb3 Kd7
28. Rb6 Bg7 29. f5 Rf8 30. Rf4 Bf6 31. Ba3 e5 32. Rxf6 exf4 33. c6+ Ke8 34.
cxb7 Rxb7 35. Bxf8 Kxf8 36. Rxa6 Rb4 37. f6 Ke8 38. Rd6 Rxd4 39. Kf2 h3 40.
gxh3 Rd2+ 41. Kf3 Rxh2 42. Kxf4 Rxh3 43. Rxd5 Ra3 44. Ke4 Ra4+ 45. Kd3 Rf4 46.
Rd6 Ra4 47. a6 Ra1 48. Kc4 Ra2 49. Kc5 Ra1 50. Kb6 Ra2 51. a7 Rxa7 52. Kxa7 Kf8
53. Rd8# 1-0

[Event "Bad Wörishofen op 2012 28th"]
[Site "Bad Wörishofen (2.3.-10.3)"]
[Date "2012.03.05"]
[Round "4.45"]
[White "Frei, Markus"]
[Black "Stull, Norbert"]
[Result "1/2-1/2"]
[WhiteElo "1900"]
[BlackElo "1912"]
[PlyCount "56"]
[EventDate "2012.03.??"]
[EventType "swiss"]
[EventRounds "9"]
[EventCountry "GER"]
[SourceDate "2013.02.18"]
[WhiteTeam "Mörlenbach-Birkenau FB"]
[BlackTeam "FRA/Frankreich Differdange"]
[BlackTeamCountry "FRA"]

1. e4 c5 2. Nf3 e6 3. c4 Nc6 4. Nc3 e5 5. d3 d6 6. Be2 Nge7 7. O-O g6 8. Nh4
Bg7 9. f4 exf4 10. Bxf4 O-O 11. Qd2 Nd4 12. Bg5 f6 13. Bh6 Be6 14. Nf3 Nec6 15.
Bxg7 Kxg7 16. Nb5 Nxe2+ 17. Qxe2 Qd7 18. h3 Rae8 19. Qd2 Ne5 20. Nxe5 dxe5 21.
Qe3 b6 22. Nc3 Qd4 23. Qxd4 cxd4 24. Nd5 Bxd5 25. exd5 f5 26. Rad1 Kf6 27. Rfe1
Rd8 28. Kf2 Rfe8 1/2-1/2

[Event "Bad Wörishofen op 2012 28th"]
[Site "Bad Wörishofen (2.3.-10.3)"]
[Date "2012.03.05"]
[Round "4.47"]
[White "Ries, Berthold"]
[Black "Bigott, Martin"]
[Result "1-0"]
[WhiteElo "1833"]
[BlackElo "1778"]
[PlyCount "95"]
[EventDate "2012.03.??"]
[EventType "swiss"]
[EventRounds "9"]
[EventCountry "GER"]
[SourceDate "2013.02.18"]
[WhiteTeam "Ebersberg"]
[BlackTeam "Lohmar SF"]

1. e4 Nf6 2. e5 Nd5 3. d4 d6 4. Nf3 Bg4 5. Be2 e6 6. c4 Nb6 7. Nc3 Be7 8. O-O
O-O 9. Be3 Nc6 10. exd6 cxd6 11. b3 d5 12. c5 Nc8 13. b4 a6 14. Rb1 Bf6 15. a4
N8e7 16. b5 axb5 17. axb5 Na5 18. h3 Bxf3 19. Bxf3 Nf5 20. Be2 Nc4 21. Bxc4
dxc4 22. Ne2 Ra3 23. Qc1 Rd3 24. Qxc4 Rxe3 25. fxe3 Nxe3 26. Qd3 Nxf1 27. Kxf1
Qd5 28. Rd1 Rd8 29. Qf3 e5 30. Qxd5 Rxd5 31. Nc3 Rxd4 32. Rxd4 exd4 33. Nd5 Be5
34. c6 bxc6 35. bxc6 Kf8 36. c7 Bxc7 37. Nxc7 Ke7 38. Nb5 d3 39. Kf2 Ke6 40.
Ke3 Ke5 41. Nd4 d2 42. Nf3+ Kf5 43. Nxd2 h5 44. Ne4 g5 45. Ng3+ Kg6 46. Ke4 h4
47. Nf5 f6 48. Nd6 1-0

[Event "Bad Wörishofen op 2012 28th"]
[Site "Bad Wörishofen (2.3.-10.3)"]
[Date "2012.03.05"]
[Round "4.49"]
[White "Woerl, Richard"]
[Black "Perlitz, Heiko"]
[Result "1-0"]
[WhiteElo "1961"]
[BlackElo "1540"]
[PlyCount "45"]
[EventDate "2012.03.??"]
[EventType "swiss"]
[EventRounds "9"]
[EventCountry "GER"]
[SourceDate "2013.02.18"]
[WhiteTeam "Nürnberg Süd SW"]
[BlackTeam "Memmingen Post SV"]

1. e4 e6 2. d4 d5 3. exd5 exd5 4. Nf3 Bg4 5. Be2 Nc6 6. O-O Bd6 7. c3 Qd7 8.
Bg5 f6 9. Bh4 Nge7 10. Bg3 Bxg3 11. hxg3 g5 12. Nh2 Bxe2 13. Qxe2 h5 14. Nd2
O-O-O 15. Rae1 g4 16. Qe6 Qxe6 17. Rxe6 f5 18. Rfe1 Kd7 19. b4 b5 20. Nb3 Rh7
21. Nc5+ Kc8 22. a4 bxa4 23. b5 1-0

[Event "Bad Wörishofen op 2012 28th"]
[Site "Bad Wörishofen (2.3.-10.3)"]
[Date "2012.03.05"]
[Round "4.50"]
[White "Lochte, Szilvia"]
[Black "Billio, Atto"]
[Result "1/2-1/2"]
[WhiteElo "1814"]
[BlackElo "2126"]
[PlyCount "38"]
[EventDate "2012.03.??"]
[EventType "swiss"]
[EventRounds "9"]
[EventCountry "GER"]
[SourceDate "2013.02.18"]
[WhiteTeam "Starnberg SC"]
[BlackTeam "ITA/Italien"]
[BlackTeamCountry "ITA"]

1. d4 f5 2. Bf4 Nf6 3. e3 b6 4. Nf3 Bb7 5. Bd3 e6 6. c3 Be7 7. Nbd2 O-O 8. h3
Ne4 9. Rg1 d6 10. Qe2 Nxd2 11. Nxd2 Nd7 12. O-O-O Kh8 13. Nf3 Bxf3 14. Qxf3 e5
15. dxe5 dxe5 16. Bb5 Bd6 17. Bxd7 exf4 18. Bc6 Rb8 19. exf4 b5 1/2-1/2

[Event "Bad Wörishofen op 2012 28th"]
[Site "Bad Wörishofen (2.3.-10.3)"]
[Date "2012.03.05"]
[Round "4.51"]
[White "Marian, Hartmut"]
[Black "Koelbl, Wolfgang"]
[Result "1-0"]
[WhiteElo "1966"]
[BlackElo "1896"]
[PlyCount "89"]
[EventDate "2012.03.??"]
[EventType "swiss"]
[EventRounds "9"]
[EventCountry "GER"]
[SourceDate "2013.02.18"]
[WhiteTeam "Germering SK"]
[BlackTeam "Klosterlechfeld SK"]

1. d4 Nf6 2. Nf3 g6 3. Bf4 Bg7 4. e3 d6 5. h3 O-O 6. Nbd2 b6 7. a3 c5 8. c3 Bb7
9. Be2 Nbd7 10. O-O Ne4 11. Nxe4 Bxe4 12. Nd2 Bb7 13. Bg3 Nf6 14. Bf3 Bxf3 15.
Qxf3 cxd4 16. exd4 d5 17. Rfe1 Nh5 18. Bh4 Bf6 19. Bxf6 Nxf6 20. Qe3 e6 21. Qe5
Nd7 22. Qd6 Nf6 23. Qe5 Nd7 24. Qf4 Qf6 25. Qe3 a6 26. Nf3 Rfb8 27. Qd3 Qf5 28.
Qe2 Kg7 29. Ra2 b5 30. Nd2 Rc8 31. Nb3 Kh8 32. Raa1 Kg7 33. Qd2 Nf6 34. f3 Nd7
35. Qe2 Kh8 36. Nc1 Kg7 37. Nd3 Rh8 38. Nb4 a5 39. Nc2 g5 40. Ne3 Qg6 41. Qc2
f5 42. Nxd5 g4 43. Nf4 Qh6 44. Nxe6+ Kf7 45. Qxf5+ 1-0

[Event "Bad Wörishofen op 2012 28th"]
[Site "Bad Wörishofen (2.3.-10.3)"]
[Date "2012.03.05"]
[Round "4.52"]
[White "Ditmas, Hugh"]
[Black "Fiedler, Wolfgang(61)"]
[Result "1/2-1/2"]
[WhiteElo "1883"]
[BlackElo "1892"]
[PlyCount "82"]
[EventDate "2012.03.??"]
[EventType "swiss"]
[EventRounds "9"]
[EventCountry "GER"]
[SourceDate "2013.02.18"]
[WhiteTeam "Bremer 1877 SG"]
[BlackTeam "Zirndorf SK"]

1. d4 g6 2. c4 Bg7 3. e4 d6 4. Nc3 Nf6 5. Be2 Nc6 6. Nf3 Bg4 7. O-O Bxf3 8.
Bxf3 e5 9. dxe5 dxe5 10. Qxd8+ Nxd8 11. Be3 Ne6 12. Bd1 O-O-O 13. f3 Bf8 14. a3
Bc5 15. Bxc5 Nxc5 16. b4 Ne6 17. Nd5 Nxd5 18. cxd5 Nd4 19. Rc1 f5 20. a4 Rhf8
21. Rc3 Rf6 22. Re1 fxe4 23. fxe4 Rdf8 24. Bg4+ Kd8 25. Rec1 c6 26. dxc6 bxc6
27. b5 h5 28. Bf3 Kd7 29. bxc6+ Rxc6 30. Rxc6 Nxc6 31. Kf2 Kd6 32. Ke3 Rb8 33.
Bd1 Rb2 34. Rc2 Rb3+ 35. Kf2 Nd4 36. Rc8 Rb2+ 37. Kg3 Rd2 38. Bf3 Ra2 39. Rg8
Rxa4 40. Rxg6+ Ke7 41. Bxh5 a5 1/2-1/2

[Event "Bad Wörishofen op 2012 28th"]
[Site "Bad Wörishofen (2.3.-10.3)"]
[Date "2012.03.05"]
[Round "4.53"]
[White "Kretschel, Klaus"]
[Black "Fenske, Wolfgang"]
[Result "1-0"]
[WhiteElo "1956"]
[BlackElo "1761"]
[PlyCount "113"]
[EventDate "2012.03.??"]
[EventType "swiss"]
[EventRounds "9"]
[EventCountry "GER"]
[SourceDate "2013.02.18"]
[WhiteTeam "Germering SK"]
[BlackTeam "Hamburg KSpr. SC"]

1. f4 d5 2. Nf3 g6 3. g3 Bg7 4. Bg2 Nf6 5. O-O O-O 6. d3 c6 7. c3 Qb6+ 8. e3
Na6 9. Ne5 Nc5 10. Na3 a5 11. Nc2 Qc7 12. Qe2 Nfd7 13. Nxd7 Nxd7 14. e4 dxe4
15. dxe4 e6 16. Be3 c5 17. Rfd1 b6 18. Na3 Ba6 19. Qd2 Rfd8 20. Qd6 Qxd6 21.
Rxd6 Bf8 22. Rd2 Be7 23. e5 Rac8 24. Rad1 Nb8 25. Rxd8+ Rxd8 26. Rxd8+ Bxd8 27.
c4 Kf8 28. Nb5 Bxb5 29. cxb5 Ke8 30. b3 Be7 31. Kf2 Kd8 32. Kf3 Nd7 33. Bh3 h5
34. Bf1 Nf8 35. h3 Nh7 36. Bd3 Ke8 37. g4 hxg4+ 38. hxg4 Nf8 39. f5 gxf5 40.
gxf5 Nd7 41. Ke4 Bh4 42. Bf4 Bf2 43. Bc4 Nf8 44. Bh6 exf5+ 45. Kxf5 Ng6 46. Bg5
Nh8 47. Bf6 Ng6 48. Bxf7+ Kxf7 49. e6+ Ke8 50. Kxg6 Bg3 51. Kf5 a4 52. Ke4 axb3
53. axb3 Bh2 54. Kd5 Bg3 55. Be5 Bf2 56. Bc7 Ke7 57. Bxb6 1-0

[Event "Bad Wörishofen op 2012 28th"]
[Site "Bad Wörishofen (2.3.-10.3)"]
[Date "2012.03.05"]
[Round "4.54"]
[White "Guggenberger, Guido"]
[Black "Mueller, Wolfgang(10.61)"]
[Result "1-0"]
[WhiteElo "1950"]
[BlackElo "1753"]
[PlyCount "80"]
[EventDate "2012.03.??"]
[EventType "swiss"]
[EventRounds "9"]
[EventCountry "GER"]
[SourceDate "2013.02.18"]
[WhiteTeam "München Tarrasch SC"]
[BlackTeam "Marktoberdorf SK"]

1. d4 d5 2. c4 e6 3. Nc3 Nf6 4. cxd5 exd5 5. Bg5 Be7 6. e3 Nbd7 7. Bd3 h6 8.
Bh4 b6 9. Nge2 Bb7 10. f3 O-O 11. Bf2 c5 12. O-O a6 13. Kh1 Re8 14. b3 Bd6 15.
Qd2 Rc8 16. Rac1 b5 17. dxc5 Bxc5 18. Rfd1 Qb6 19. Nd4 g6 20. Bb1 Ne5 21. Nce2
a5 22. Nf4 Bb4 23. Qb2 Bc5 24. Nd3 Bxd4 25. exd4 Nxd3 26. Bxd3 b4 27. Rxc8 Rxc8
28. Qd2 Kg7 29. Be3 Ng8 30. Qe2 Qe6 31. Rc1 Re8 32. Re1 Rc8 33. Qd2 Qc6 34. Rc1
Qxc1+ 35. Qxc1 Rxc1+ 36. Bxc1 Ne7 37. Kg1 Bc8 38. g4 g5 39. Kf2 f5 40. h3 Kf6
1-0

[Event "Bad Wörishofen op 2012 28th"]
[Site "Bad Wörishofen (2.3.-10.3)"]
[Date "2012.03.05"]
[Round "4.55"]
[White "Kluegel, Jan"]
[Black "Diotallevi, Maurizio"]
[Result "1/2-1/2"]
[WhiteElo "1834"]
[BlackElo "1999"]
[PlyCount "88"]
[EventDate "2012.03.??"]
[EventType "swiss"]
[EventRounds "9"]
[EventCountry "GER"]
[SourceDate "2013.02.18"]
[WhiteTeam "Rendsburg VHS SV"]
[BlackTeam "ITA/Italien"]
[BlackTeamCountry "ITA"]

1. d4 d6 2. Nf3 g6 3. b3 Bg7 4. Bb2 c5 5. e3 Nc6 6. Be2 b6 7. c4 cxd4 8. exd4
Nh6 9. Nbd2 Nf5 10. Ne4 O-O 11. Rc1 Bb7 12. Ng3 Qd7 13. Bc3 Rac8 14. O-O Nxg3
15. hxg3 Bh6 16. d5 Nb8 17. Qd4 f6 18. Rce1 Qd8 19. Nh2 Rc7 20. Bg4 Bc8 21.
Be6+ Bxe6 22. Rxe6 Nd7 23. Rfe1 Nc5 24. R6e2 Bg7 25. Qe3 Qe8 26. Ng4 h5 27. Nh2
Qf7 28. g4 g5 29. gxh5 Qxh5 30. Qf3 Qxf3 31. Nxf3 Rf7 32. Nd4 f5 33. Nb5 Rb7
34. Bxg7 Kxg7 35. Nd4 Kf6 36. Ne6 Nxe6 37. Rxe6+ Kg7 38. a4 Kg8 39. f3 Rg7 40.
Kf2 Kf7 41. Rh1 Rb8 42. Rhe1 Rb7 43. Rh1 a6 44. Rh8 a5 1/2-1/2